| 000 | 00748nam a2200241Ia 4500 | ||
|---|---|---|---|
| 003 | OSt | ||
| 005 | 20220927105400.0 | ||
| 006 | a|||||r|||| 00| 0 | ||
| 007 | ta | ||
| 008 | 220926b |||||||| |||| 00| 0 eng d | ||
| 024 | _a190394 | ||
| 037 | _cReference Collections | ||
| 040 |
_aRTL _cRTL _beng |
||
| 041 |
_2eng _aeng |
||
| 082 | _a"X621.2.P09<- P08, Q0/GD" | ||
| 110 |
_aREPORT ON CURRENCY AND FINANCE _9372107 |
||
| 245 | 0 | _aGlobal financial crisis and the Indian economy | |
| 260 |
_aNew _bDelhi Reserve Bank of India _c2010 |
||
| 300 |
_a336p _ccm. |
||
| 700 |
_aREPORT ON CURRENCY AND FINANCE _9372108 |
||
| 942 |
_h"X621.2.P09<- P08, Q0/GD" _cCC |
||
| 999 |
_c692233 _d692233 |
||